00158 a2200073 450000100060000010000130000624500330001926000320005215738 aMoudoodi aSeerat Sarwar-e-Alam (Vol-I) abAdara Turjaman ul Quranc